[Event "Tourn. n8074"]
[Site "www.chess-mail.com"]
[Date "2015.07.20"]
[Round "1"]
[White "Jose"]
[Black "Jaroslavpech"]
[WhiteElo "2700"]
[BlackElo "2330"]
[Result "1/2-1/2"]
[Round "1"]
1.e4 e5
2.Ng1f3 Nb8c6
3.d4 exd4
4.Bf1c4 Ng8f6
5.e5 d5
6.Bc4b5 Nf6e4
7.Nf3xd4 Bc8d7
8.Bb5xc6 bxc6
9.O-O Bf8c5
10.f3 Ne4g5
11.f4 Ng5e4
12.Bc1e3 Bc5b6
13.Nb1d2 Ne4xd2
14.Qd1xd2 c5
15.Nd4f3 d4
16.Be3f2 O-O
17.Qd2d3 Qd8c8
18.c3 Bd7f5
19.Qd3c4 Qc8b7
20.cxd4 cxd4
21.Bf2xd4 Ra8d8
22.Bd4xb6 Qb7xb6
23.Rf1f2 Rd8d3
24.b4 Rf8d8
25.Qc4c5 Qb6b7
26.a3 h6
27.Ra1c1 Qb7a6
28.b5 Qa6a4
29.h3 Rd3d5
30.Qc5b4 Qa4xb4
31.axb4 Rd5xb5
32.Rc1c4 Bf5e6
33.Rc4xc7 Rb5xb4
34.f5 Be6xf5
35.Nf3g5 Bf5g6
36.Ng5xf7 Rd8e8
37.Rc7xa7 Rb4b8
38.Rf2f1 { draw }
1/2-1/2

[Event "Tourn. n8311"]
[Site "www.chess-mail.com"]
[Date "2015.07.20"]
[Round "1"]
[White "Guidom"]
[Black "Bojan"]
[WhiteElo "2070"]
[BlackElo "1890"]
[Result "1/2-1/2"]
[Round "1"]
1.e4 Nb8c6
2.d4 d5
3.e5 g6
4.Ng1f3 Bf8g7
5.Bf1b5 Bc8e6
6.Nf3g5 Be6f5
7.g4 Bf5c8
8.Qd1f3 f6
9.exf6 Ng8xf6
10.Nb1c3 Bc8xg4
11.Qf3g3 Bg4f5
12.Bc1e3 Nf6h5
13.Qg3h4 Bg7f6
14.f4 Bf5xc2
15.Qh4f2 Bc2f5
16.h4 Qd8d6
17.a3 h6
18.Ng5f3 a6
19.Bb5a4 e6
20.Nf3e5 Ke7
21.Ba4xc6 bxc6
22.Rh1g1 Rh8g8
23.b4 Kf8
24.Nc3a4 Rg8g7
25.Na4c5 Ra8a7
26.Rg1g2 a5
27.Qf2b2 axb4
28.axb4 Ra7xa1
29.Qb2xa1 Bf6xh4
30.Kd2 Kg8
31.Qa1a8 Kh7
32.Qa8e8 Nh5f6
33.Qe8xc6 Qd6xc6
34.Ne5xc6 Nf6d7
35.Nc5xd7 Rg7xd7
36.b5 Kg7
37.Kc1 Kf6
38.Kb2 Rd7g7
39.Kb3 g5
40.fxg5 Bh4xg5
41.Be3g1 Bg5f4
42.Rg2xg7 Kxg7
43.Bg1f2 Bf5g6
44.Nc6d8 Kf6
45.Kb4 Ke7
46.Nd8c6 Kd6
47.Bf2h4 Bf4g5
48.Bh4g3 Kd7
49.Nc6e5 Kc8
50.Ne5xg6 Kb7
51.Ng6e5 h5
52.Ne5f3 Bg5e7
53.Ka5 c6
54.bxc6 Kxc6
55.Nf3e5 Kb7
56.Ne5g6 Be7f6
57.Bg3e5 Bf6xe5
58.Ng6xe5 h4
59.Ne5f3 h3
60.Kb5 Kc7
61.Kc5 Kd7
62.Nf3h2 Ke7
63.Nh2f3 Kd7
64.Kb4 Ke7
65.Kc3 Kf6
66.Kd3 Kf5
67.Ke3 Kg4
68.Kf2 Kf4
69.Nf3e5 Ke4
70.Ne5c6 e5
71.dxe5 Kf5
72.Kg3 d4
73.Nc6xd4 Kxe5
{ draw }
1/2-1/2

[Event "Tourn. n8311"]
[Site "www.chess-mail.com"]
[Date "2015.07.20"]
[Round "1"]
[White "Xkafi"]
[Black "Guidom"]
[WhiteElo "1960"]
[BlackElo "2070"]
[Result "0-1"]
[Round "1"]
1.Ng1f3 d5
2.b3 c5
3.h3 b6
4.Bc1b2 Ng8f6
5.e3 e6
6.Nf3e5 Bf8d6
7.Bf1b5 Bc8d7
8.Ne5xd7 Nb8xd7
9.d4 cxd4
10.Qd1xd4 O-O
11.f4 Nd7c5
12.g4 a6
13.Bb5e2 Qd8c7
14.g5 Nf6e8
15.Be2h5 Nc5d7
16.Rh1g1 e5
17.Qd4d3 exf4
18.exf4 Bd6xf4
19.Nb1d2 Nd7e5
20.Bb2xe5 Qc7xe5
21.Kf2 Bf4xd2
22.Qd3xd2 Qe5h2
23.Rg1g2 Qh2xh3
24.Bh5g4 Qh3h4
25.Kf3 f5
26.Qd2xd5 Kh8
27.Bg4xf5 Ne8c7
28.Qd5e5 Nc7b5
29.Rg2g4 Qh4h5
30.Kg2 Ra8e8
31.Qe5f4 Re8e2
32.Kf3 Rf8xf5
33.Qf4xf5 Nb5d4
34.Kf4 Nd4xf5
35.Ra1g1 g6
36.Kf3 Re2e3
37.Kf2 Qh5h2
38.Rg1g2 Qh2d6
{ resign }
0-1

[Event "Tourn. n8311"]
[Site "www.chess-mail.com"]
[Date "2015.07.20"]
[Round "1"]
[White "Xkafi"]
[Black "Bojan"]
[WhiteElo "1960"]
[BlackElo "1890"]
[Result "0-1"]
[Round "1"]
1.Ng1f3 b6
2.b3 Bc8b7
3.Bc1b2 Nb8c6
4.e3 d6
5.Nf3d4 e5
6.Nd4f5 Qd8g5
7.Bf1d3 Qg5xg2
8.Rh1f1 Qg2xh2
9.Qd1g4 g6
10.Nf5g3 Nc6b4
11.Bd3c4 Nb4xc2
12.Kd1 Nc2xa1
13.Bb2xa1 Qh2h6
14.f4 Bf8g7
15.Rf1h1 Bb7xh1
16.fxe5 d5
17.Bc4b5 Kf8
18.Bb5c6 Ra8d8
19.Ba1c3 Ng8e7
20.Bc6b5 c6
21.Bb5e2 g5
22.Ng3xh1 Qh6xh1
23.Kc2 Qh1e4
24.Qg4xe4 dxe4
25.Be2g4 h5
26.Bg4e2 Ne7g6
27.Nb1a3 Bg7xe5
28.Na3b1 g4
29.Be2f1 h4
30.Kd1 h3
{ resign }
0-1

[Event "Tourn. n8210"]
[Site "www.chess-mail.com"]
[Date "2015.07.20"]
[Round "1"]
[White "Groz"]
[Black "Averoes"]
[WhiteElo "2000"]
[BlackElo "2220"]
[Result "0-1"]
[Round "1"]
1.f4 e5
2.d3 Nb8c6
3.Ng1f3 d6
4.g3 f5
5.Bf1g2 Ng8f6
6.O-O Bf8e7
7.c3 O-O
8.Nb1a3 Ra8b8
9.Qd1e1 e4
10.Nf3d2 d5
11.Nd2b3 Bc8e6
12.Na3c2 a5
13.Nb3d4 Qd8d7
14.Nd4xc6 bxc6
15.Ra1b1 c5
16.Bc1d2 Kh8
17.a3 { time. }
0-1

[Event "Tourn. n8218"]
[Site "www.chess-mail.com"]
[Date "2015.07.20"]
[Round "1"]
[White "Groz"]
[Black "Libiesse"]
[WhiteElo "2010"]
[BlackElo "2030"]
[Result "0-1"]
[Round "1"]
1.f4 d5
2.g3 c6
3.Bf1g2 Nb8d7
4.Ng1f3 g6
5.O-O Bf8g7
6.d3 Ng8f6
7.Qd1e1 O-O
8.e4 dxe4
9.dxe4 Nd7b6
10.c3 Qd8c7
11.Nb1a3 Nb6d7
12.e5 Nf6d5
13.Na3c2 e6
14.Nc2e3 Qc7b6
15.Qe1f2 Qb6c7
16.Ne3c4 b6
17.Nc4d6 Bc8a6
18.Rf1d1 { time. }
0-1

[Event "Tourn. n8231"]
[Site "www.chess-mail.com"]
[Date "2015.07.20"]
[Round "1"]
[White "Johnmcbride"]
[Black "Alvarin111"]
[WhiteElo "1800"]
[BlackElo "1920"]
[Result "1-0"]
[Round "1"]
1.e4 e6
2.d3 c5
3.c4 Nb8c6
4.Bc1e3 Ng8f6
5.Ng1f3 h6
6.a3 b6
7.Bf1e2 Qd8c7
8.Nb1c3 a6
9.O-O Bc8b7
{ time. }
1-0

[Event "Tourn. n8154"]
[Site "www.chess-mail.com"]
[Date "2015.07.20"]
[Round "1"]
[White "Samael"]
[Black "Difficult"]
[WhiteElo "2110"]
[BlackElo "2060"]
[Result "1-0"]
[Round "1"]
1.e4 c5
2.Ng1f3 d6
3.d3 Nb8c6
4.Bf1e2 e5
5.Nb1c3 Ng8f6
6.O-O Bf8e7
7.h3 O-O
8.Bc1d2 a6
9.a3 b5
10.Nc3d5 Bc8b7
11.Nd5xf6 Be7xf6
12.Nf3h2 Nc6d4
13.Nh2f3 Qd8c7
14.Nf3xd4 cxd4
15.f4 Ra8c8
16.Be2g4 Rc8d8
17.Ra1c1 Rf8e8
18.c4 Qc7b6
19.Kh1 Bb7c8
20.Bg4xc8 Rd8xc8
21.b3 Rc8c7
22.Qd1e1 Re8c8
23.Bd2a5 { resign }
1-0

[Event "Tourn. n8208"]
[Site "www.chess-mail.com"]
[Date "2015.07.20"]
[Round "1"]
[White "Falcoale"]
[Black "Bojan"]
[WhiteElo "1860"]
[BlackElo "1950"]
[Result "0-1"]
[Round "1"]
1.e4 e5
2.Ng1f3 d6
3.Bf1c4 h6
4.h3 c6
5.d4 Qd8f6
6.O-O Bf8e7
7.dxe5 dxe5
8.Nf3e1 Qf6g6
9.Nb1c3 Bc8xh3
10.Qd1f3 Bh3g4
11.Bc4xf7 Qg6xf7
12.Qf3xg4 Nb8d7
13.f4 Ng8f6
14.Qg4e2 exf4
15.Rf1xf4 Nd7e5
16.Ne1d3 Be7d6
17.Nd3xe5 Bd6xe5
18.Rf4f1 O-O
19.Bc1d2 Qf7g6
20.Ra1b1 Kh7
21.Rf1f5 Be5d4
22.Kf1 Nf6h5
23.Ke1 Rf8xf5
24.exf5 Qg6xf5
25.Kd1 Qf5g6
26.b3 Kh8
27.Kc1 Ra8e8
28.Qe2c4 Bd4f6
29.g4 Nh5g3
30.Kb2 Re8e4
31.Qc4c5 b6
32.Qc5xc6 Bf6xc3
33.Bd2xc3 Qg6xc6
{ resign }
0-1

[Event "Tourn. n8132"]
[Site "www.chess-mail.com"]
[Date "2015.07.20"]
[Round "1"]
[White "Maxlou"]
[Black "Ochoreales"]
[WhiteElo "1840"]
[BlackElo "1990"]
[Result "1-0"]
[Round "1"]
1.d4 Ng8f6
2.Ng1f3 g6
3.Bc1f4 Bf8g7
4.c4 O-O
5.Nb1c3 Nf6h5
6.Bf4g5 h6
7.Bg5e3 d6
8.Qd1d2 Kh7
9.h3 Nb8c6
10.g4 Nh5f6
11.Bf1g2 e5
12.d5 e4
13.dxc6 exf3
14.Bg2xf3 bxc6
15.Bf3xc6 Ra8b8
16.Be3xa7 Bc8b7
17.Bc6xb7 Rb8xb7
18.Ba7e3 g5
19.h4 Nf6xg4
20.hxg5 Ng4xe3
21.Qd2xe3 f5
22.gxf6 Rf8xf6
23.Qe3e4 { resign }
1-0

[Event "Tourn. n8206"]
[Site "www.chess-mail.com"]
[Date "2015.07.20"]
[Round "1"]
[White "Swampcat"]
[Black "Tomcapp"]
[WhiteElo "1480"]
[BlackElo "1500"]
[Result "1-0"]
[Round "1"]
1.e4 e5
2.Ng1f3 Nb8c6
3.d4 exd4
4.Nf3xd4 Qd8f6
5.Bc1e3 Bf8c5
6.Nb1c3 Bc5b4
7.Bf1e2 Bb4xc3
8.bxc3 Nc6xd4
9.cxd4 d6
10.O-O Ng8h6
11.h3 c5
12.c3 cxd4
13.cxd4 Qf6g6
14.Be2d3 Bc8xh3
15.Qd1f3 Bh3g4
16.Qf3g3 O-O
17.Be3xh6 gxh6
18.e5 Qg6e6
19.exd6 f5
20.Rf1e1 Qe6d5
21.f3 h5
22.fxg4 Qd5xd4
23.Kh1 f4
24.Qg3f3 hxg4
25.Qf3xg4 Kh8
26.Bd3f5 Rf8f7
27.Ra1d1 Qd4f2
28.d7 Ra8d8
29.Re1e8 Rd8xe8
30.dxe8Q { resign }
1-0

[Event "Tourn. n8204"]
[Site "www.chess-mail.com"]
[Date "2015.07.20"]
[Round "1"]
[White "Zazi"]
[Black "Hdr"]
[WhiteElo "1630"]
[BlackElo "1779"]
[Result "0-1"]
[Round "1"]
1.e4 e6
2.d4 d5
3.Nb1c3 Bf8b4
4.a3 Bb4xc3
5.bxc3 dxe4
6.Qd1g4 Ng8f6
7.Qg4xg7 Rh8g8
8.Qg7h6 Rg8g6
9.Qh6d2 b6
10.g3 Bc8b7
11.Bf1g2 Qd8d5
12.Qd2f4 Qd5c4
13.Bc1b2 Nb8d7
14.h4 O-O-O
15.h5 Rg6g4
16.Qf4e3 Qc4a4
17.Qe3e2 Bb7a6
18.Qe2d1 e3
19.fxe3 Rg4xg3
20.Bg2f3 Nd7e5
21.Kf2 Rg3xf3
22.Ng1xf3 Nf6e4
23.Ke1 Ne5xf3
24.Qd1xf3 Qa4xc2
25.Ra1d1 Qc2xb2
26.Rh1h4 Qb2xc3
27.Rd1d2 Qc3xd2

0-1

[Event "Tourn. n8147"]
[Site "www.chess-mail.com"]
[Date "2015.07.20"]
[Round "1"]
[White "Norwich"]
[Black "Neo"]
[WhiteElo "1610"]
[BlackElo "1730"]
[Result "0-1"]
[Round "1"]
1.d4 d5
2.Nb1c3 e6
3.e4 c6
4.exd5 cxd5
5.Ng1f3 Bf8b4
6.Bc1d2 Nb8c6
7.a3 Bb4xc3
8.Bd2xc3 Ng8e7
9.Bf1d3 O-O
10.O-O a6
11.Rf1e1 b5
12.b4 Ne7f5
13.a4 Bc8b7
14.axb5 axb5
15.Bd3xb5 Ra8xa1
16.Qd1xa1 Nc6e7
17.Qa1a5 Qd8c8
18.Qa5a3 Nf5d6
19.Bb5d3 Ne7f5
20.b5 Qc8d7
21.Qa3b4 Rf8a8
22.Nf3e5 Qd7e8
23.g4 Nf5e7
24.Qb4xd6 Ra8d8
25.Qd6b4 Rd8a8
26.Re1a1 Ra8xa1
27.Bc3xa1 Ne7c8
28.Qb4c5 Qe8d8
29.Ne5c6 Bb7xc6
30.Qc5xc6 Nc8b6
31.Ba1c3 h6
 { time }
0-1

[Event "Tourn. n8210"]
[Site "www.chess-mail.com"]
[Date "2015.07.20"]
[Round "1"]
[White "Cristiano"]
[Black "Groz"]
[WhiteElo "2150"]
[BlackElo "2000"]
[Result "1-0"]
[Round "1"]
1.e4 e5
2.f4 Nb8c6
3.Ng1f3 d6
4.Bf1c4 h6
5.d4 exd4
6.Nf3xd4 Bc8d7
7.Nb1c3 Ng8f6
8.h3 Bf8e7
9.Bc1e3 O-O
10.Qd1d2 Nc6xd4
11.Be3xd4 Bd7c6
12.Bc4d3 Nf6d7
13.O-O-O Be7f6
14.Bd4f2 Rf8e8
15.h4 Bf6xc3
16.Qd2xc3 Qd8f6
17.Qc3d2 Bc6xe4
18.Rd1e1 d5
19.c3 Be4xd3
20.Qd2xd3 Qf6xf4
21.Bf2e3 Nd7c5
22.Qd3d2 Qf4d6
23.Be3f4 Qd6g6
{ time. }
1-0

[Event "Tourn. n8154"]
[Site "www.chess-mail.com"]
[Date "2015.07.20"]
[Round "1"]
[White "Tomasseeber"]
[Black "Hundegana"]
[WhiteElo "2190"]
[BlackElo "2000"]
[Result "1-0"]
[Round "1"]
1.Ng1f3 c5
2.g3 d5
3.Bf1g2 d4
4.O-O g6
5.c3 Bf8g7
6.d3 Nb8c6
7.e3 dxc3
8.bxc3 e6
9.d4 cxd4
10.cxd4 Ng8e7
11.Bc1b2 O-O
12.Nb1d2 Bc8d7
13.Qd1b3 Qd8c7
14.Rf1c1 Rf8c8
15.Nf3e5 Bg7xe5
16.dxe5 Qc7b6
17.Qb3xb6 axb6
18.Nd2c4 Ra8a6
19.Nc4d6 Rc8b8
20.a4 Ne7c8
21.Bg2f1 Ra6a8
22.Nd6b5 Nc8e7
23.Rc1d1 Rb8d8
24.Nb5d6 Ra8b8
25.Bb2a3 Ne7f5
26.Nd6e4 Kg7
27.Ba3d6 Nf5xd6
28.exd6 Nc6a5
29.Ne4c3 Rb8c8
30.Nc3b5 Bd7xb5
31.Bf1xb5 Kf6
32.f4 Rc8c5
33.e4 e5
34.Rd1d3 Ke6
35.Ra1d1 h6
36.d7 exf4
37.gxf4 Na5c4
38.Rd3d4 Nc4a3
39.Bb5f1 Na3c2
40.Bf1h3 f5
41.Rd4d6 Kf7
42.e5 Nc2e3
43.Rd1d3 Ne3c4
44.Rd6f6 Kg7
45.Rd3g3 g5
46.Bh3xf5 b5
47.Rf6g6 Kf7
48.e6 Ke7
49.Rg6g7 Kd6
50.Rg3d3 Kc7
51.e7 Rc5xf5
52.exd8Q Kxd8
53.Rg7g8 Kc7
54.Rg8c8 Kb6
55.d8Q Ka7
56.Rc8a8 { resign }
1-0

[Event "Tourn. n8277"]
[Site "www.chess-mail.com"]
[Date "2015.07.20"]
[Round "1"]
[White "Cathar"]
[Black "Seger"]
[WhiteElo "2280"]
[BlackElo "2690"]
[Result "0-1"]
[Round "1"]
1.d4 Ng8f6
2.Ng1f3 d5
3.c4 e6
4.Nb1c3 Bf8e7
5.Bc1f4 O-O
6.e3 Nb8d7
7.c5 Nf6h5
8.Bf4e5 f6
9.Be5g3 g6
10.Bf1d3 c6
11.b4 e5
12.dxe5 fxe5
13.e4 d4
14.Nc3a4 Kh8
15.Na4b2 b6
16.Qd1d2 bxc5
17.Nf3xe5 Be7g5
18.Qd2e2 Nh5xg3
19.Ne5xg6 hxg6
20.hxg3 Kg7
21.f4 Nd7e5
22.fxe5 Qd8e7
23.bxc5 Qe7xe5
{ resign }
0-1

[Event "Tourn. n8199"]
[Site "www.chess-mail.com"]
[Date "2015.07.20"]
[Round "1"]
[White "Julianlore"]
[Black "Traub"]
[WhiteElo "1839"]
[BlackElo "1770"]
[Result "1-0"]
[Round "1"]
1.e4 d5
2.exd5 Qd8xd5
3.Nb1c3 Qd5d6
4.d4 e6
5.Bf1d3 Ng8f6
6.Ng1f3 a6
7.O-O c5
8.dxc5 Qd6xc5
9.Qd1e2 Qc5c7
10.Bc1g5 Bf8e7
11.Rf1e1 Nb8d7
12.Nf3d4 O-O
13.Nd4xe6 fxe6
14.Qe2xe6 Rf8f7
15.Bd3xh7 Nf6xh7
16.Nc3d5 Qc7xc2
17.Nd5xe7 { time. }
1-0

[Event "Tourn. n8198"]
[Site "www.chess-mail.com"]
[Date "2015.07.20"]
[Round "1"]
[White "Tomcapp"]
[Black "Theos666"]
[WhiteElo "1500"]
[BlackElo "1300"]
[Result "1-0"]
[Round "1"]
1.e4 e5
2.Ng1f3 Nb8c6
3.Bf1b5 f6
4.Nb1c3 Ng8e7
5.Bb5xc6 bxc6
6.d3 g6
7.Bc1e3 Bf8g7
8.a4 O-O
9.b4 a6
10.a5 d5
11.exd5 cxd5
12.Be3c5 Rf8e8
13.Bc5xe7 Qd8xe7
14.Nc3xd5 Qe7d7
15.c4 Ra8b8
16.d4 c6
17.Nd5c3 exd4
18.Nc3e2 d3
19.c5 dxe2
20.Qd1xd7 Kf8
21.Qd7d6 { resign }
1-0

[Event "Tourn. n8198"]
[Site "www.chess-mail.com"]
[Date "2015.07.20"]
[Round "1"]
[White "Iko"]
[Black "Tomcapp"]
[WhiteElo "1500"]
[BlackElo "1500"]
[Result "1-0"]
[Round "1"]
1.e4 e5
2.Ng1f3 Nb8c6
3.Bf1b5 a6
4.Bb5xc6 bxc6
5.Nf3xe5 Qd8e7
6.d4 d5
7.Ne5xc6 Qe7xe4
8.Bc1e3 Qe4xg2
9.Qd1e2 Qg2xh1
10.Kd2 Qh1e4
11.Nb1c3 Qe4e6
12.Nc3xd5 Qe6xc6
13.Be3f4 Bc8e6
14.Nd5xc7 Ke7
15.Nc7xa8 Qc6xa8
16.Qe2e5 Ng8f6
17.Qe5c7 Nf6d7
18.Ra1e1 h5
19.c4 Qa8g2
20.d5 Qg2xf2
21.Re1e2 Qf2d4
22.Ke1 Qd4xf4
23.Qc7xf4 f5
24.Qf4xf5 Rh8h6
25.dxe6 Nd7f6
26.Qf5c5 Ke8
27.e7 Bf8xe7
28.Qc5xe7 { resign }
1-0

[Event "Tourn. n8238"]
[Site "www.chess-mail.com"]
[Date "2015.07.20"]
[Round "1"]
[White "Samael"]
[Black "Averoes"]
[WhiteElo "2160"]
[BlackElo "2200"]
[Result "0-1"]
[Round "1"]
1.e4 c5
2.Ng1f3 e6
3.Nb1c3 Nb8c6
4.d3 g6
5.Bc1d2 Bf8g7
6.Bf1e2 Ng8e7
7.O-O O-O
8.Ra1b1 d5
9.exd5 exd5
10.a3 h6
11.Qd1c1 Kh7
12.Nc3a2 Bc8g4
13.h3 Bg4xf3
14.Be2xf3 Nc6e5
15.Bf3e2 Ne7f5
16.Bd2c3 d4
17.Bc3d2 Nf5h4
18.f4 Ne5d7
19.g3 Nh4f5
20.Kh2 Nd7f6
21.c3 Nf6d5
22.c4 Nd5e3
23.Rf1f2 h5
24.g4 hxg4
 { time }
0-1

[Event "Tourn. n8089"]
[Site "www.chess-mail.com"]
[Date "2015.07.20"]
[Round "1"]
[White "Emmanuelasi"]
[Black "Cobraxx7"]
[WhiteElo "2320"]
[BlackElo "2690"]
[Result "0-1"]
[Round "1"]
1.e4 c5
2.d4 cxd4
3.c3 d3
4.c4 g6
5.Bf1xd3 Bf8g7
6.Ng1f3 Ng8f6
7.Nb1c3 Nb8c6
8.O-O O-O
9.h3 d6
10.Bc1e3 Nf6d7
11.Qd1d2 Qd8a5
12.Be3h6 Bg7xc3
13.bxc3 Rf8d8
14.Nf3g5 Nd7c5
15.Bd3c2 f6
16.Ng5f3 Bc8e6
17.Bc2b3 Nc6e5
18.Nf3xe5 dxe5
19.Qd2c2 g5
20.Qc2e2 Qa5xc3
21.Ra1e1 a5
22.Qe2h5 a4
23.Re1e3 Rd8d3
24.Re3xd3 Qc3xd3
25.Bb3d1 Be6xc4
26.Rf1e1 Qd3d2
27.Re1e3 Bc4xa2
28.Bh6xg5 Ba2f7
29.Qh5g4 h5
{ resign }
0-1

[Event "Tourn. n8169"]
[Site "www.chess-mail.com"]
[Date "2015.07.20"]
[Round "1"]
[White "Tartan"]
[Black "Capitaine"]
[WhiteElo "2420"]
[BlackElo "2340"]
[Result "1/2-1/2"]
[Round "1"]
1.d4 Ng8f6
2.c4 c5
3.d5 b5
4.cxb5 a6
5.bxa6 Bc8xa6
6.Nb1c3 d6
7.e4 Ba6xf1
8.Kxf1 g6
9.g3 Bf8g7
10.Kg2 O-O
11.Ng1f3 Nb8d7
12.a4 Nf6g4
13.Qd1e2 Ng4e5
14.Nf3xe5 Nd7xe5
15.Bc1f4 Ra8a5
16.Nc3b5 Qd8a8
17.b3 c4
18.Bf4d2 cxb3
19.Bd2xa5 Qa8xa5
20.Ra1a3 b2
21.Rh1b1 Ne5d7
22.Rb1xb2 Bg7xb2
23.Qe2xb2 Nd7c5
24.Nb5d4 e5
25.Nd4c6 Qa5a6
26.Qb2c2 f6
27.a5 Qa6b7
28.f3 Kg7
29.Qc2e2 Rf8a8
30.Ra3a2 Qb7c8
31.h3 f5
32.exf5 { draw }
1/2-1/2

[Event "Tourn. n8170"]
[Site "www.chess-mail.com"]
[Date "2015.07.20"]
[Round "1"]
[White "Tomasseeber"]
[Black "Jesmantiz"]
[WhiteElo "2170"]
[BlackElo "2240"]
[Result "1-0"]
[Round "1"]
1.Ng1f3 f5
2.e4 d6
3.d4 g6
4.Nb1c3 Bf8g7
5.Bc1g5 c6
6.Bf1d3 fxe4
7.Nc3xe4 Ng8f6
8.Qd1d2 O-O
9.Bg5h6 Nb8a6
10.h4 Na6b4
11.Ne4xf6 exf6
12.Bd3c4 d5
13.Bc4b3 a5
14.Bh6xg7 Kxg7
15.O-O-O h5
16.c3 Nb4a6
17.Bb3c2 Bc8e6
18.Rd1e1 Be6f7
19.Qd2f4 Na6c7
20.g4 Nc7e6
21.Qf4g3 g5
22.hxg5 Ne6xg5
23.Nf3xg5 fxg5
24.gxh5 Qd8f6
25.h6 Kh8
26.Re1e5 Qf6f4
27.Kd1 Rf8g8
28.Qg3xf4 gxf4
29.Rh1h4 Rg8g1
30.Re5e1 Ra8g8
31.Rh4xf4 Bf7h5
32.Kd2 Rg1xe1
33.Kxe1 Rg8e8
34.Kf1 Bh5e2
35.Kg2 b5
36.Rf4f5 Be2g4
37.Rf5e5 Re8f8
38.Kg3 Bg4c8
39.Re5e7 Bc8f5
40.Bc2xf5 Rf8xf5
41.Re7e6 b4
42.cxb4 axb4
43.Re6xc6 Kh7
44.Rc6b6 Rf5h5
45.Rb6xb4  { time }
1-0

[Event "Tourn. n8167"]
[Site "www.chess-mail.com"]
[Date "2015.07.20"]
[Round "1"]
[White "Blackpool"]
[Black "Falcoale"]
[WhiteElo "1890"]
[BlackElo "1880"]
[Result "0-1"]
[Round "1"]
1.d4 Ng8f6
2.c4 e6
3.Nb1c3 b6
4.Bc1g5 h6
5.Bg5h4 Bc8b7
6.Ng1f3 Bf8e7
7.e3 g5
8.Bh4g3 Be7b4
9.Bf1e2 Nf6e4
10.Ra1c1 Ne4xg3
11.hxg3 O-O
12.O-O Bb4e7
13.Nf3e5 d6
14.Ne5f3 a6
15.Qd1d2 { time. }
0-1

[Event "Tourn. n8279"]
[Site "www.chess-mail.com"]
[Date "2015.07.20"]
[Round "1"]
[White "Culiflori"]
[Black "Gatrooper"]
[WhiteElo "999"]
[BlackElo "1200"]
[Result "1-0"]
[Round "1"]
1.e4 e5
2.Ng1f3 Nb8c6
3.Bf1c4 d6
4.d4 Bc8e6
5.d5 Nc6b4
6.dxe6 fxe6
7.Bc4xe6 h6
8.Nf3xe5 dxe5
9.Qd1h5 Ke7
10.Qh5f7 Kd6
11.O-O Kc6
12.Nb1a3 Ng8f6
13.c3 Nb4d3
14.Rf1d1 Bf8d6
15.Rd1xd3 b6
16.Qf7xg7 Kb7
17.Bc1xh6 Nf6xe4
18.Be6d5 Kb8
19.Bd5xe4 Rh8g8
20.Qg7f7 Qd8c8
21.Be4xa8 Kxa8
22.Na3b5 a6
23.Nb5xd6 Qc8g4
24.Qf7d5 c6
25.Qd5xc6 Kb8
26.Qc6b7 { resign }
1-0

[Event "Tourn. n8184"]
[Site "www.chess-mail.com"]
[Date "2015.07.20"]
[Round "1"]
[White "Abuelo"]
[Black "Blackpool"]
[WhiteElo "2080"]
[BlackElo "1840"]
[Result "1-0"]
[Round "1"]
1.e4 d5
2.exd5 Qd8xd5
3.Nb1c3 Qd5d6
4.Bf1e2 Ng8f6
5.d3 c6
6.Ng1f3 g6
7.O-O Bf8g7
8.h3 O-O
9.Bc1e3 Nb8d7
10.a3 Nd7e5
11.Nf3xe5 Qd6xe5
12.d4 Qe5c7
13.Be2f3 Bc8e6
14.Nc3e2 Be6d5
15.Bf3xd5  { time }
1-0

[Event "Tourn. n8222"]
[Site "www.chess-mail.com"]
[Date "2015.07.20"]
[Round "1"]
[White "Zazi"]
[Black "Swampcat"]
[WhiteElo "1610"]
[BlackElo "1600"]
[Result "1-0"]
[Round "1"]
1.e4 e6
2.d4 d5
3.Qd1f3 c5
4.Bc1e3 Nb8c6
5.Bf1b5 dxe4
6.Qf3xe4 cxd4
7.Be3xd4 Ng8e7
8.Qe4e3 b6
9.Nb1c3 Bc8d7
10.Ra1d1 Ne7f5
11.Qe3e4 Nf5d6
12.Qe4f4 Nd6xb5
13.Ng1f3 Nb5xd4
14.Nf3xd4 Nc6xd4
15.Rd1xd4 Bf8c5
16.Rd4d3 O-O
17.O-O Qd8b8
18.Qf4e4 Bc5d6
19.g3 Qb8c8
20.Rd3xd6 Rf8d8
21.Rf1d1 Qc8c7
22.Rd6xd7 Qc7c8
23.Rd7xd8 { resign }
1-0

[Event "Tourn. n8303"]
[Site "www.chess-mail.com"]
[Date "2015.07.20"]
[Round "1"]
[White "Panham"]
[Black "Bojan"]
[WhiteElo "1980"]
[BlackElo "1890"]
[Result "1-0"]
[Round "1"]
1.d4 g6
2.c4 Bf8g7
3.Nb1c3 d6
4.e4 c5
5.d5 e6
6.Qd1c2 exd5
7.cxd5 Nb8d7
8.Ng1f3 a6
9.Bf1e2 Nd7b6
10.Bc1e3 h6
11.O-O Ng8f6
12.e5 Nf6g4
13.exd6 Qd8xd6
14.Qc2e4 Ng4e5
15.Nf3xe5 Bg7xe5
16.f4 f5
17.Qe4xe5 Qd6xe5
18.fxe5 Ke7
19.Be3xc5 { resign }
1-0

[Event "Tourn. n8303"]
[Site "www.chess-mail.com"]
[Date "2015.07.20"]
[Round "1"]
[White "Guidom"]
[Black "Xkafi"]
[WhiteElo "2070"]
[BlackElo "1960"]
[Result "1-0"]
[Round "1"]
1.e4 e5
2.Ng1f3 Qd8f6
3.d3 Bf8c5
4.Bc1g5 Qf6g6
5.Qd1d2 Nb8c6
6.Nf3h4 Qg6e6
7.Nh4f5 Qe6g6
8.Bf1e2 Bc5b4
9.c3 Bb4a5
10.b4 Ba5b6
11.Nf5h4 Qg6e6
12.h3 h5
13.f4 exf4
14.Bg5xf4 d6
15.Nb1a3 a6
16.Na3c4 Bb6a7
17.O-O-O Ng8f6
18.Nh4f3 b5
19.Nc4e3 a5
20.Nf3g5 Qe6e7
21.Ne3d5 Nf6xd5
22.exd5 Nc6e5
23.d4 Ne5g6
24.Be2d3 O-O
25.Rh1e1 Qe7d7
26.a3 axb4
27.axb4 Ng6xf4
28.Qd2xf4 Bc8b7
29.Qf4f3 c6
30.Qf3e4 g6
31.Qe4e7 Qd7c8
32.Bd3xg6 Qc8d8
33.Bg6xf7 Kh8
34.Qe7e3 cxd5
35.Ng5e6 Qd8f6
36.Re1f1 Rf8xf7
37.Rf1xf6 Rf7xf6
38.Ne6g5 Rf6g6
39.h4 Bb7c6
40.Qe3e7 Rg6g7
41.Qe7xd6 Ra8c8
42.Qd6h6 { resign }
1-0

[Event "Tourn. n8303"]
[Site "www.chess-mail.com"]
[Date "2015.07.20"]
[Round "1"]
[White "Bojan"]
[Black "Guidom"]
[WhiteElo "1890"]
[BlackElo "2070"]
[Result "1-0"]
[Round "1"]
1.e4 e5
2.Ng1f3 Nb8c6
3.Nb1c3 d6
4.a3 Bc8g4
5.Bf1e2 Ng8f6
6.h3 Bg4h5
7.g4 Bh5g6
8.d3 Bf8e7
9.Nf3h4 O-O
10.g5 Nf6d7
11.Nh4xg6 hxg6
12.h4 Nc6d4
13.Be2g4 f5
14.Bg4h3 f4
15.Nc3d5 Nd7b6
16.Nd5xe7 Qd8xe7
17.c3 Nd4c6
18.Rh1g1 Ra8d8
19.Bh3g4 Rf8f7
20.a4 a5
21.f3 d5
22.Qd1e2 d4
23.Qe2f1 Rd8d6
24.Bc1d2 Qe7d8
25.c4 Nc6b4
26.c5 Nb4c2
27.Kf2 Rd6c6
28.cxb6 Nc2xa1
29.bxc7 Qd8xc7
30.Qf1xa1 Rc6c2
31.Ke2 Qc7b6
32.Rg1b1 Rf7c7
33.Qa1a2 Kh8
34.Bg4e6 Qb6b4
35.Rb1d1 b5
36.Qa2d5 Qb4f8
37.Qd5xb5 Rc2c5
38.Qb5b3 Qf8e8
39.Qb3a2 Rc5c2
40.Be6c4 Qe8b8
41.Rd1b1 Qb8b4
42.Rb1d1 Qb4xb2
43.Qa2xb2 Rc2xb2
44.Ke1 Rc7c5
45.Rd1a1 Kh7
46.Kd1 Rb2b6
47.Kc2 Rb6b8
48.Bd2c1 Rc5c6
49.Ra1b1 Rb8xb1
50.Kxb1 Rc6c5
51.Kb2 Rc5c7
52.Kb3 Rc7c8
53.Bc1d2 Rc8c5
54.Bc4b5 Kg8
55.Kb2 Kf7
56.Bd2xa5 Rc5c8
57.Ba5b4 Rc8h8
58.Kb3 Rh8xh4
59.a5 Rh4h8
60.a6 Rh8a8
61.Bb4c5 Ra8c8
62.Kc4 Ke6
63.a7 { resign }
1-0

[Event "Tourn. n8303"]
[Site "www.chess-mail.com"]
[Date "2015.07.20"]
[Round "1"]
[White "Xkafi"]
[Black "Bojan"]
[WhiteElo "1960"]
[BlackElo "1890"]
[Result "1-0"]
[Round "1"]
1.e4 e5
2.Bf1c4 d6
3.d3 Nb8c6
4.c3 Nc6a5
5.Bc4b3 Na5xb3
6.axb3 Bc8e6
7.Bc1e3 c5
8.Nb1d2 Ng8f6
9.Nd2c4 b6
10.h3 h6
11.Ng1f3 Nf6h5
12.b4 Be6xc4
13.dxc4 Nh5f6
14.bxc5 bxc5
15.b4 Nf6xe4
16.Qd1a4 Ke7
17.bxc5 Ne4xc3
18.Qa4b4 Nc3e4
19.Qb4b7 Kf6
20.Qb7xe4 dxc5
21.Ra1a6 Bf8d6
22.Qe4xe5 Kg6
23.Ra6xd6 Qd8xd6
24.Qe5xd6 f6
25.O-O { resign }
1-0

[Event "Tourn. n8265"]
[Site "www.chess-mail.com"]
[Date "2015.07.20"]
[Round "1"]
[White "Bojan"]
[Black "Amaya"]
[WhiteElo "1890"]
[BlackElo "1920"]
[Result "1-0"]
[Round "1"]
1.e4 e6
2.Ng1f3 d5
3.exd5 exd5
4.d4 Ng8f6
5.a3 Bf8d6
6.Nb1c3 O-O
7.h3 Rf8e8
8.Bc1e3 Bd6f4
9.Qd1d3 c6
10.O-O-O Bf4xe3
11.fxe3 b6
12.g4 Bc8a6
13.Qd3d2 Nf6e4
14.Nc3xe4 Re8xe4
15.Bf1g2 Re4e7
16.Nf3e5 f6
17.Ne5f3 Nb8d7
18.Rd1e1 Qd8c7
19.Qd2f2 c5
20.Nf3h4 cxd4
21.Bg2xd5 Kh8
22.Bd5xa8 Ba6b7
23.Ba8xb7 Qc7xb7
24.exd4 Re7xe1
25.Rh1xe1 Qb7d5
26.Re1e8 { resign }
1-0

[Event "Tourn. n8174"]
[Site "www.chess-mail.com"]
[Date "2015.07.20"]
[Round "1"]
[White "Zazi"]
[Black "Anja"]
[WhiteElo "1600"]
[BlackElo "1640"]
[Result "0-1"]
[Round "1"]
1.c4 e5
2.Nb1c3 Nb8c6
3.a3 g6
4.Qd1b3 Bf8g7
5.h4 d6
6.d3 a6
7.f3 f5
8.Nc3d5 Ng8f6
9.Bc1g5 O-O
10.O-O-O h6
11.Nd5xf6 Bg7xf6
12.Bg5xh6 Nc6d4
13.Qb3a2 Bf6xh4
14.Bh6xf8 Kxf8
15.e3 Nd4e6
16.g3 Bh4f6
17.d4 exd4
18.exd4 Ne6xd4
19.Rh1h7 Bc8e6
20.f4 a5
21.Ng1e2 Nd4xe2
22.Bf1xe2 b5
23.a4 c6
24.axb5 cxb5
25.Qa2b3 bxc4
26.Be2xc4 Ra8c8
27.Kb1 Rc8xc4
28.Qb3a3 Kg8
29.Rh7a7 Qd8b8
30.Ra7xa5 Bf6xb2
31.Ra5a8 Bb2xa3
32.Ra8xb8 Kf7
33.Rd1h1 Kf6
34.Rb8f8 Be6f7
35.Rh1h7 Rc4c1

0-1